Geopolítica de la palabra : reflexiones sobre comunicación, identidad y autonomía /

Guardado en:
Autor Principal: Lazzaro, Luis
Otros Autores: Aliverti, Eduardo, pról.
Formato: Libro
Publicado: Buenos Aires : Ciccus : Undav, 2015
Materias:
Etiquetas: Agregar Etiqueta
Sin Etiquetas, Sea el primero en etiquetar este registro!
LEADER 00726nam a22002175a 4500
001 EHU.bham044591
003 AR-BHAM
005 20170329135956.0
008 130507s2015##################000#0#####d
020 |a 97898769311151 
082 3 0 |a 302.2 
100 1 |a Lazzaro, Luis 
245 1 0 |a Geopolítica de la palabra :  |b reflexiones sobre comunicación, identidad y autonomía /  |c  Luis Lazzaro : 
260 |a Buenos Aires :  |b Ciccus :  |b Undav,  |c 2015 
300 |a 256 p. 
653 |a Comunicación-teoría de la 
653 |a Comunicación social 
653 |a Comunicación digital 
653 |a Información-tecnologías de la 
700 1 |a Aliverti, Eduardo, pról. 
859 |a AR-BHAM  |b BIB. HUMANIDADES - General  |h 302.2  |i L459  |p 47.17  |t Ej.1